[Event "BCF-chT4 0607 (4NCL)"]
[Site "Sunningdale"]
[Date "2006.09.24"]
[Round "2.3"]
[White "Bayliss, Peter"]
[Black "Escott, Keith L"]
[Result "0-1"]
[WhiteElo "1700"]
[BlackElo "2065"]
[PlyCount "58"]
[EventDate "2006.09.16"]
[EventType "team"]
[EventRounds "11"]
[EventCountry "ENG"]
[SourceTitle "CBM 115 Extra"]
[Source "ChessBase"]
[SourceDate "2007.01.10"]
[SourceVersion "1"]
[SourceVersionDate "2007.01.10"]
[SourceQuality "1"]
[WhiteTeam "W Collective II"]
[BlackTeam "Sutton Coldfield"]
[WhiteTeamCountry "ENG"]
[BlackTeamCountry "ENG"]

1. e4 c5 2. c3 Nf6 3. e5 Nd5 4. d4 cxd4 5. cxd4 b6 6. Nf3 e6 7. Be2 Ba6 8. Bxa6 Nxa6 9. a3 Nac7 10. 0-0 Be7 11. Re1 0-0 12. Nbd2 f5 13. exf6 gxf6 14. Ne4 Kh8 15. Bh6 Rg8 16. Ng3 Qe8 17. Qd3 f5 18. Ne5 d6 19. Nf3 f4 20. Ne2 Qh5 21. Bxf4 Nxf4 22. Nxf4 Qg4 23. g3 Qxf4 24. Re4 Qf5 25. Rc1 Nd5 26. Kh1 Raf8 27. Nh4 Bxh4 28. gxh4 Qg6 29. Rce1 Qg2# 0-1